Statistieken voor WNG kenmerkende aspecten - havo 5 SE1

Klik hier om de quiz te nemen!

Algemene statistieken

  • Deze quiz is 582 keer genomen
    (293 sinds de laatste reset)
  • De gemiddelde score is 7 van 21

Antwoordstatistieken

periode#hintkenmerkende aspectkernbegrip% Correct
21De protestantse __________ die splitsing van de christelijke kerk in West-Europa tot gevolg hadReformatieprotestantisme
73%
23Het streven van vorsten naar absolute macht (___________)absolutismedroit divin
71%
vroegmoderne tijd18Het _____ ___ __ ________ ________ _________begin van de Europese overzeese expansieontdekkingsreizen
66%
28Voortbestaan van het ancien régime met pogingen om het vorstelijk bestuur op eigentijdse, verlichte wijze vorm te geven (________ ___________)verlicht absolutismepublieke opinie
51%
20De __________ __________ __ het erfgoed van __ ________ _______hernieuwde oriëntatie op de klassieke oudheidhumanisme
47%
27Rationeel optimisme en 'verlicht denken' dat werd toegepast op alle terreinen van de samenleving: godsdienst, economie en sociale verhoudingen (__ ___________)de Verlichtingscheiding der machten
44%
32Discussies over de ‘_______ _______’sociale kwestievakbonden
38%
19___ ____________ ___- __ ___________ ___ __ ___________ __ ___ _____ ___ ___ ______ _______________ ______________het veranderende mens- en wereldbeeld van de renaissance en het begin van een nieuwe wetenschappelijke belangstellingrenaissance
37%
26__ ________________ _________de wetenschappelijke revolutieempirisme / rationalisme
36%
34De opkomst van _____________________emancipatiebewegingengelijkberechting
36%
33De moderne vorm van imperialisme die verband hield met de industrialisatie (______ ____________)modern imperialismekoloniën
32%
moderne tijd31De ___________ _________ die in de westerse wereld de basis legde voor een industriële samenlevingindustriële revolutieindustriële samenleving
30%
22___ ________ __ __ ____________ ___ __________ __ __ _________ ___ ___ ____________ _____Het conflict in de Nederlanden dat resulteerde in de stichting van een Nederlandse staatTachtigjarige Oorlog
27%
24__ __________ ______ __ ____________ _______ __ __ _____ __ _________ __ _________ _______ ___ __ ___________ _________de bijzondere plaats in staatkundig opzicht en de bloei in economisch en cultureel opzicht van de Nederlandse Republiekburgerlijke cultuur
19%
TIJDSCHARNIER (jaartal) - Begin Renaissance1500carpe diem
14%
25____________ ________________, __________________ ___ _____ ____ ___ ____________Wereldwijde handelscontacten, handelskapitalisme en het begin van een wereldeconomiewereldeconomie
14%
35________________ _______________, met deelname van steeds meer mannen en vrouwen aan het politieke procesvoortschrijdende democratiseringkiesrecht
10%
29Uitbouw van de Europese overheersing, met name in de vorm van ________________ __ __ ________ _________ _____-___________ ___________ __ __ _______ ____ ____ _____________plantagekoloniën en de daarmee verbonden trans-Atlantische slavenhandel en de opkomst van het abolitionismedriehoekshandel
8%
TIJDSCHARNIER (JAARTAL) - INDUSTRIËLE REVOLUTIE1800industrie en democratie
7%
36De opkomst van ________-__________________ ___________: l__________, n___________, s_________, c_______________ en f________politiek-maatschappelijke stromingen: liberalisme nationalisme socialisme confessionalisme feminismeverzuiling
3%
30De _____________ __________ in westerse landen ___ ___ _____ __________ ____ ___________, ____________ __ ____________________democratische revoluties met als gevolg discussies over grondwetten, grondrechten en staatsburgerschapvolkssoevereiniteit
1%

Scoreverdeling

Percentiel versus Aantal Correcte Antwoorden

Procent van Mensen met Elke Score

Uw Scoregeschiedenis

U heeft deze quiz nog niet genomen sinds de laatste reset